| 000 | 01510nam a22003137a 4500 | ||
|---|---|---|---|
| 999 |
_c118269 _d118269 |
||
| 003 | dpl | ||
| 005 | 20210208105918.0 | ||
| 008 | 181210b ||||| |||| 00| 0 eng d | ||
| 010 | _aB-150624 | ||
| 020 |
_c200.00 _a8190156292 |
||
| 035 | _aB-150624, B-150634 | ||
| 035 | _aB-150632,B-256228 | ||
| 037 | _bCen Lib/Ret | ||
| 040 |
_aDPL _bHN _cdpl |
||
| 082 |
_a629.4 _bयुग्लास् |
||
| 100 |
_aयु ग्लास्कोव _945684 |
||
| 245 |
_aअन्तरिक्ष यान की कहानी / _cयु. ग्लास्कोव [एवं]यु.कोलेसनिकोव ; संपादक संजीव शर्मा |
||
| 246 |
_aAntriksh yaan ki kahani _bby U. Glaskov [evam] U. Kolesnikov ;sampadak Sanjeev Sharma |
||
| 260 |
_aदिल्ली _bविज्ञान लोक _c2004 |
||
| 270 |
_a30/36, प्रथम तल गली न. -9, विश्वास नगर शाहदरा _bदिल्ली _e110032 |
||
| 300 |
_a182पृष्ठ. : _c20सेमी(सजिल्द) _bचित्र. |
||
| 650 |
_aखगोल शास्त्र _979191 |
||
| 650 |
_aअन्तरिक्ष यान - अध्धयन _979192 |
||
| 650 |
_aAstronomy _979193 |
||
| 650 |
_aSpace Shuttle - study _979194 |
||
| 700 |
_aयु.कोलेसनिकोव _950674 |
||
| 700 |
_aशर्मा , संजीव _979195 |
||
| 942 |
_2ddc _cHN _h629.4 _mयुग्लास्को |
||